000 03370cam a2200673Ii 4500
001 on1050447851
003 OCoLC
005 20200710134348.0
008 180905t20182018mauaf c 000 0aspa d
020 _a9781328809575
_q(Spanish edition paperback)
020 _a1328809579
_q(Spanish edition paperback)
037 _aBRO-adap20190510-060
040 _aNPL
_beng
_erda
_cNPL
_dNPL
_dBDX
_dOCLCO
_dJQR
_dGK8
_dOCLCF
_dIXA
_dFLQ
_dQQ3
_dSAP
_dOCL
_dCGP
_dTXWAL
_dTG3
_dLKC
_dOCLCO
_dW8A
_dUTP
_dOCLCO
_dUPM
_dPLS
_dOCLCO
_dTO5
_dBKL
_dOCLCO
_dSFR
_dUtOrBLW
041 1 _aspa
_heng
043 _an-us---
050 1 4 _aTA157.5
_b.A2418 2018
092 _aSPANISH jB
_bACEV
100 1 _aAcevedo, Sylvia,
_eauthor.
240 1 0 _aPath to the stars.
_lSpanish.
245 1 0 _aCamino a las estrellas :
_bmi recorrido de Girl Scout a ingeniera astronautica /
_cSylvia Acevedo ; traduccion de Isabel C. Mendoza.
260 _aNew York :
_bClarion Books, Houghton Mifflin Harcourt,
_cc2018.
264 1 _aBoston ;
_aNew York :
_bClarion Books, Houghton Mifflin Harcourt,
_c[2018]
264 4 _cc2018.
300 _a343 pages, 2 unnumbered pages of plates :
_billustrations ;
_c21 cm.
336 _atext
_btxt
_2rdacontent.
337 _aunmediated
_bn
_2rdamedia.
338 _avolume
_bnc
_2rdacarrier.
500 _aTranslation from the English of: Path to the stars.
520 _a Sylvia Acevedo es actualmente la Directora Ejecutiva de Girl Scouts de Estados Unidos. Su inspiradora historia, contada con calidez y perspicacia, alienta a los lectores a soñar en grande y a convertir sus sueños en realidad.
520 _a"The inspiring memoir for young readers about a Latina rocket scientist whose early life was transformed by joining the Girl Scouts and who currently serves as CEO of the Girl Scouts of the USA."--Provided by publisher.
521 1 _aAge 10-12.
521 2 _aGrade 4 to 6.
526 0 _aAccelerated Reader
_bMG
_c6.8
_d10
_z196957.
546 _aText translated into Spanish.
600 1 0 _aAcevedo, Sylvia
_vJuvenile literature.
600 1 4 _aAcevedo, Sylvia
_vLiteratura juvenil.
600 1 1 _aAcevedo, Sylvia.
610 2 0 _aGirl Scouts of the United States of America
_vBiography
_vJuvenile literature.
610 2 1 _aGirl Scouts of the United States of America.
610 2 1 _aGirl Scouts of the United States of America
_xOfficials and employees.
650 0 _aWomen engineers
_zUnited States
_vBiography
_vJuvenile literature.
650 0 _aEngineers
_zUnited States
_vBiography
_vJuvenile literature.
650 0 _aHispanic American women
_vBiography
_vJuvenile literature.
650 0 _aHispanic American scientists
_vBiography
_vJuvenile literature.
650 4 _aGirl Scouts
_vBiografia
_vLiteratura juvenil.
650 4 _aMujeres ingenieras
_zEstados Unidos
_vBiografia
_vLiteratura juvenil.
650 4 _aIngenieros
_zEstados Unidos
_vBiografia
_vLiteratura juvenil.
650 4 _aMujeres hispanoestadounidenses
_vBiografia
_vLiteratura juvenil.
650 4 _aCientificos hispanoamericanos
_vBiografia
_vLiteratura juvenil.
650 1 _aWomen engineers.
650 1 _aEngineers.
650 1 _aHispanic American women.
650 1 _aHispanic American scientists.
650 1 _aWomen
_vBiography.
655 1 _aSpanish language materials.
655 7 _aAutobiographies.
_2lcgft.
700 1 _aMendoza, Isabel C.,
_etranslator.
942 _cBK
999 _c24723
_d24723